000 00477nam a22001697a 4500
005 20240108133833.0
008 190527b xxu||||| |||| 00| 0 eng d
020 _a978-93-5164-216-9
041 _aeng
100 _aBARI, DR. S.B.,SONAWANE,DR. L.V.,BHIRUD D.N., POUL,DR.B.N
_98312
245 _aPRACTICAL HANDBOOK OF PHARMACEUTICAL ANALYSIS
250 _a5th, Ed. 2018
260 _aPUNE
_bNIRALI PRAKASHAN
300 _a120p,
650 _aPHARMACY
_xD.PHARMA
942 _cBK
999 _c5856
_d5854